1363 1053 1105 1896 1041 1156 1277 1797 1160 1102 1607 1163 1087 1784 1950 1295 1793 1072 1995 1106 1447 1869 1458 1622 1437 1831 1856 1883 1468 1137 1525 1731 1782 1215 1772 1812 1585 1944 1345 1662 1289 1827 1485 1087 1374 1372 1658 1216 1907 1215 1754 1898 1707 1382 1406 1835 1535 1840 1369 1975 1152 1642 1450 1250 1290 1034 1492 1384 1773 1251 1809 1875 1747 1365 1643 1860 1686 1606 1361 1491 1321 1697 1458 1011 1846 1410 1349 1999 2000 1212 1703 1438 1575 1524 1899 1587 1541 1032 1364 BCNSPRNW ULIB Ver.6.0+V

เปลี่ยนเป็นภาษาไทย

Change to English
 แสดงรายละเอียดบรรณานุกรม
  กลับหน้าหลัก

Brief Record : Get Marc (ISO 2709) : E-mail record : QR code < ปิดหน้าต่าง
LEADER : 00000nam 2200000uu 4500
001    13399114328
003     ULIB
008    120321s2553||||th 000 0 tha d
020    ^a9786167081366
090    ^aนว.^bi111ท 2553
100 0  ^aIrgendwann im November
245 00 ^aทะเลรักลวงใจ/^cIrgendwann im November
250    ^aพิมพ์ครั้งที่ 1
260    ^aกรุงเทพฯ :^bสมาร์ทบุ๊ค,^c2553
300    ^a416 หน้า
710 1  ^aสมาร์ทบุ๊ค
945    ^p260^l0^i16661
995    ^aกัณชพร
999    ^aใช้งานได้ทุกระบบ
รายการนี้ยังไม่มีแท็ก
คุณยังไม่ได้ล็อกอิน คุณสามารถมีกิจกรรมร่วมกับเว็บไซต์ได้ แต่ต้องล็อกอินก่อน ::
  ล็อกอิน

รายการสื่อสารสนเทศ

ลำดับที่ ประเภท เลขเรียก/บาร์โค้ด สถานที่ สถานะ
1. นวนิยาย
นวนิยาย
นว. i111ท 2553  
  Barcode: 16661
ห้องสมุดวิทยาเขตสวรรค์ประชารักษ์
►นวนิยาย
บนชั้น
  ขอยืม

BibComment


ยังไม่เคยถูกคอมเมนท์

คอมเมนท์ทรัพยากรรายการนี้
  คอมเมนท์: ทะเลรักลวงใจ Irg..


 Copyright 2026. Bcnsprnw @Library